Sinh học con trâu

Salvato in:
Dettagli Bibliografici
Natura: Libro
Lingua:Undetermined
Pubblicazione: Hà Nội Khoa học và Kỹ thuật 1982
Soggetti:
Tags: Aggiungi Tag
Nessun Tag, puoi essere il primo ad aggiungerne! !
Thư viện lưu trữ: Trung tâm Học liệu Trường Đại học Cần Thơ
LEADER 00560nam a2200181Ia 4500
001 CTU_14061
008 210402s9999 xx 000 0 und d
082 |a 636.293 
082 |b C666 
245 0 |a Sinh học con trâu 
245 0 |c W. Ross Cockrill ; Phạm Quân, Nguyễn Chí Bảo, Nguyễn Xuân Hiển (dịch) 
260 |a Hà Nội 
260 |b Khoa học và Kỹ thuật 
260 |c 1982 
650 |a Buffaloes,cattle 
650 |x Physiology 
904 |i Qhieu sua 
980 |a Trung tâm Học liệu Trường Đại học Cần Thơ